000 02102cam a22002775a 4500
001 014845505
003 OSt
005 20151208155847.0
008 081023t2014 paua frb 001 0 eng d
020 _a9781451172775
020 _a145117277X
040 _aStDuBDS
_beng
_cEG-ScBUE
_dUk
082 0 4 _a610.7365
_222
_bELI
100 1 _aEliopoulos, Charlotte.
_938878
245 1 0 _aGerontological nursing /
_cCharlotte Eliopoulos.
250 _a8th ed.
260 _aPhiladelphia :
_bWolters Kluwer / Lippincott Williams & Wilkins,
_cc.2014.
300 _axxv, 547 p. :
_bill. (col.) ;
_c26 cm.
500 _aIndex : p. 531-547.
504 _aIncludes bibliographical references.
505 0 _aUnit 1. Understanding the aging experience -- The aging population -- Theories of aging -- Diversity -- Life transitions and story -- Common aging changes -- Unit 2. Foundations of gerontological nursing -- The specialty of gerontological nursing -- Holistic model for gerontological nursing -- Legal aspects of gerontological nursing -- Ethical aspects of gerontological nursing -- Continuum of care in gerontological nursing -- Self-care for the gerontological nurse -- Unit 3. Fostering connection and gratification -- Sexuality and intimacy -- Spirituality -- Unit 4. General care concerns -- Nutrition and hydration -- Rest and sleep -- Comfort and pain management -- Safety -- Safe medication use -- Unit 5. Facilitation physiological balance -- Respiration -- Circulation -- Digestion and bowel elimination -- Urinary elimination -- Reproductive system health -- Movement -- Neurologic function -- Sensation -- Endocrine function -- Integumentary function -- Immune function -- Unit 6. Multisystemic disorders -- Infections -- Cancer -- Mental health disorders -- Delirium and dementia -- Unit 7. Gerontological care issues -- Living in harmony with chronic conditions -- Rehabilitative care -- Acute care -- Long-term care -- Family caregiving -- End-of-life care.
650 7 _aGeriatric nursing.
_2BUEsh
_928906
651 _2BUEsh
653 _bNNUR
_cAugust2015
_cDecember2015
942 _2ddc
999 _c20602
_d20574